[Event "Ceske Budejovice op-B"]
[Site "Ceske Budejovice"]
[Date "2023.07.01"]
[Round "1"]
[White "Predota, Vit"]
[Black "Krupansky, Jaromir"]
[Result "0-1"]
[WhiteElo "1291"]
[BlackElo "1642"]
[PlyCount "42"]
[EventDate "2023.07.01"]
[EventType "swiss"]
[EventRounds "9"]
[EventCountry "CZE"]
[SourceTitle "EXT 2024"]
[Source "ChessBase"]
[SourceDate "2023.10.10"]
[SourceVersion "1"]
[SourceVersionDate "2023.10.10"]
[SourceQuality "1"]

1. e4 c5 2. Bc4 Nc6 3. Nc3 g6 4. d3 Bg7 5. Nb5 a6 6. Na3 Nf6 7. c3 0-0 8. Nf3 d6 9. h3 b5 10. Bd5 Bb7 11. Qb3 Na5 12. Qc2 Nxd5 13. exd5 Bxd5 14. b4 cxb4 15. Nb1 bxc3 16. d4 Bxf3 17. gxf3 Bxd4 18. a4 b4 19. Qe4 Nb3 20. Qd5 Nxa1 21. Qxd4 Nc2+ 0-1

[Event "Ceske Budejovice op-B"]
[Site "Ceske Budejovice"]
[Date "2022.07.06"]
[Round "6"]
[White "Benci, Jozef"]
[Black "Predota, Vit"]
[Result "1-0"]
[WhiteElo "1629"]
[BlackElo "1309"]
[PlyCount "61"]
[EventDate "2022.07.01"]
[EventType "swiss"]
[EventRounds "9"]
[EventCountry "CZE"]
[SourceTitle "EXT 2023"]
[Source "ChessBase"]
[SourceDate "2022.10.05"]
[SourceVersion "1"]
[SourceVersionDate "2022.10.05"]
[SourceQuality "1"]

1. e4 e5 2. Nf3 Nc6 3. Bc4 Bc5 4. c3 d6 5. h3 Nf6 6. d3 a6 7. Bb3 h6 8. 0-0 g5 9. Re1 g4 10. hxg4 Bxg4 11. Be3 Bxe3 12. Rxe3 d5 13. exd5 Nxd5 14. Re1 f6 15. Nbd2 Nf4 16. d4 Kf8 17. Qc2 Bxf3 18. Nxf3 exd4 19. cxd4 Nxd4 20. Qc5+ Kg7 21. Qxd4 Nd3 22. Qxd8 Raxd8 23. Re7+ Kg6 24. Bc2 f5 25. Bxd3 Rxd3 26. Rae1 Rc8 27. R1e6+ Kh5 28. Rh7 Rd1+ 29. Kh2 b6 30. Rhxh6+ Kg4 31. Rh4# 1-0

[Event "Ceske Budejovice op-B"]
[Site "Ceske Budejovice"]
[Date "2020.07.09"]
[Round "9"]
[White "Skalicky, Jindrich"]
[Black "Predota, Vit"]
[Result "1-0"]
[WhiteElo "1165"]
[BlackElo "1233"]
[PlyCount "105"]
[EventDate "2020.07.01"]
[EventType "swiss"]
[EventRounds "9"]
[EventCountry "CZE"]
[SourceTitle "CBM 197 Extra"]
[Source "ChessBase"]
[SourceDate "2020.09.30"]
[SourceVersion "1"]
[SourceVersionDate "2020.09.30"]
[SourceQuality "1"]

1. e4 e5 2. Nf3 Nc6 3. Bb5 Bd6 4. d4 exd4 5. Nxd4 Nxd4 6. Qxd4 Qf6 7. Qxf6 Nxf6 8. Nc3 a6 9. Bd3 b5 10. 0-0 0-0 11. Re1 Ng4 12. h3 Ne5 13. a3 b4 14. axb4 Nxd3 15. cxd3 Bxb4 16. Bd2 d6 17. Rad1 f5 18. Nd5 Bxd2 19. Rxd2 c6 20. Nb6 Rb8 21. Nxc8 Rbxc8 22. exf5 Rxf5 23. Re6 Rf6 24. Rde2 d5 25. Re8+ Rxe8 26. Rxe8+ Rf8 27. Rxf8+ Kxf8 28. Kf1 Ke7 29. Ke2 Ke6 30. Ke3 g5 31. f4 gxf4+ 32. Kxf4 c5 33. Ke3 Ke5 34. g3 d4+ 35. Kd2 a5 36. b3 h5 37. Kc2 Kf5 38. Kb2 Kg5 39. Ka3 h4 40. gxh4+ Kxh4 41. Ka4 Kxh3 42. Kb5 Kg4 43. Kxc5 Kf5 44. Kxd4 Ke6 45. Kc4 Ke5 46. Kb5 Kd4 47. Kxa5 Kxd3 48. b4 Kc4 49. b5 Kc5 50. b6 Kc6 51. Ka6 Kd7 52. b7 Kc7 53. Ka7 1-0